000 00669nam a2200193Ia 4500
003 GCL
008 140319s9999 xx 000 0 ara d
040 _aGCL /
_cGCL
082 0 4 _a370.030
_bع م
100 1 _aعادل احمد عزالدين الاشول
245 1 0 _aموسوعة التربية الخاصة انجليزى- عربى Encyclopedia of Sbecial Education English- Arabic /
_cعادل احمد عزالدين الاشول
260 _a[S.N] :
_bمكتبة الانجلوالمصرية ،
_c1987
300 _a1078
490 _a
650 0 4 _aدوائر المعارف
650 0 4 _aالتعليم
650 0 4 _aالتربية
942 _2ddc
_cBK
999 _c32292
_d32292